|
|
|
|
| LEADER |
00898nam a2200265 4500 |
| 001 |
DLU120001063 |
| 005 |
##20121005 |
| 040 |
# |
# |
|a DLU
|b vie
|
| 041 |
# |
# |
|a vie
|
| 044 |
# |
# |
|a vn
|
| 245 |
# |
# |
|a Công tác đấu tranh phòng, chống tội phạm, TNXH, TTATGT trên địa bàn quận Thanh Khê /
|c Báo cáo Công an quận Thanh Khê, thành phố Đà Nẵng.
|
| 653 |
# |
# |
|a An ninh quốc gia
|
| 653 |
# |
# |
|a An toàn giao thông
|
| 653 |
# |
# |
|a Trật tự trị an
|
| 710 |
# |
# |
|a Báo cáo Công an quận Thanh Khê, thành phố Đà Nẵng.
|
| 773 |
# |
# |
|t Dạy và học ngày nay
|g Số 1, 2010, tr. 102
|
| 920 |
# |
# |
|a Phòng Tạp chí -- Trung tâm Thông tin - Thư viện Trường Đại học Đà Lạt
|
| 994 |
# |
# |
|a DLU
|
| 900 |
# |
# |
|a True
|
| 911 |
# |
# |
|a Nguyễn Thị Linh Chi
|
| 925 |
# |
# |
|a G
|
| 926 |
# |
# |
|a A
|
| 927 |
# |
# |
|a BB
|
| 980 |
# |
# |
|a Thư viện Trường Đại học Đà Lạt
|